| 000 | 01066nam a22001577a 4500 | ||
|---|---|---|---|
| 041 | _aukr | ||
| 080 | _a09 | ||
| 090 | _bЧЕР | ||
| 100 | _aЧеруха І. А. | ||
| 245 | _aМовленнєві табу в сучасному суспільстві. | ||
| 260 |
_aОстрог _bКАФ _c2004 |
||
| 300 | _a46 | ||
| 520 |
_aРозділ 1. Ненормативний склад мови.
1.1. Поняття "табу" в мовленні.
1.2. Класифікація мовленнєвих табу.
1.2.1. Професіоналізми.
1.2.2. Арго.
1.2.3. Жаргон і сленг.
1.2.4. Інтержаргон і вульгаризми.
Розділ 2. Особливості молодіжної мови та тенденції її розвитку.
2.1. Виникнення соціолектів.
2.2. Зміни в мовленні молоді.
2.3. Шкільний та молодіжний сленг.
2.4. Лайлива мова молоді. _0Табу, ненормативність. |
||
| 650 | _aResearch Papers | ||
| 999 |
_c282617 _d282617 |
||
| 942 | _cBK | ||